社会毒瘤 (Record no. 17972)

000 -LEADER
fixed length control field 00498nam a22001937a 4500
003 - CONTROL NUMBER IDENTIFIER
control field MPLRDC
005 - DATE AND TIME OF LATEST TRANSACTION
control field 20220104124251.0
008 - FIXED-LENGTH DATA ELEMENTS--GENERAL INFORMATION
fixed length control field 210129b ||||| |||| 00| 0 eng d
020 ## - INTERNATIONAL STANDARD BOOK NUMBER
International Standard Book Number 7-02-000376-1
082 ## - DEWEY DECIMAL CLASSIFICATION NUMBER
Classification number 868.6 RIZ
100 ## - MAIN ENTRY--PERSONAL NAME
Personal name JOSE RIZAL
245 ## - TITLE STATEMENT
Title 社会毒瘤
Statement of responsibility, etc. 陈尧光、柏群 译
250 ## - EDITION STATEMENT
Edition statement 一版一刷
260 ## - PUBLICATION, DISTRIBUTION, ETC.
Place of publication, distribution, etc. 中国
Name of publisher, distributor, etc. 人民文学出版社
Date of publication, distribution, etc. 1988
300 ## - PHYSICAL DESCRIPTION
Other physical details 515
490 ## - SERIES STATEMENT
Series statement 外国文学名著从书
650 ## - SUBJECT ADDED ENTRY--TOPICAL TERM
Topical term or geographic name entry element 菲律宾文学
942 ## - ADDED ENTRY ELEMENTS (KOHA)
Koha item type Book
-- 868.6 RIZ
Holdings
Withdrawn status Lost status Source of classification or shelving scheme Damaged status Not for loan Collection code Home library Current library Shelving location Date acquired Cost, normal purchase price Total Checkouts Full call number Barcode Date last seen Date last checked out Price effective from Koha item type Public note
            Malaysian Public Library, Research and Development Centre Malaysian Public Library, Research and Development Centre   10/12/2007 12.50   868.6 RIZ 00018037 17/03/2021 23/07/2016 17/03/2021 Book mplrdc

© 2022. Malaysian Public Library, Research and Development Centre. All Right ReservedE-mailmplrdc@help.edu.my 

Powered by Koha